[Event "SK Turm Emsdetten 2 - SG Porz 2"]
[Site "Oberliga NRW 2013/2014"]
[Date "2014.04.06"]
[Round "8.7"]
[White "Liard, Thibaud"]
[Black "Topp, Michael"]
[Result "1/2-1/2"]
[WhiteElo "2117"]
[BlackElo "1978"]
[PlyCount "189"]
[EventDate "2014.??.??"]
[WhiteTeam "SG Porz 2"]
[BlackTeam "SK Turm Emsdetten 2"]

1. d4 Nf6 2. c4 g6 3. Nc3 d5 4. cxd5 Nxd5 5. Bd2 Nb6 6. Bg5 Bg7 7. e3 c5 8.
dxc5 Bxc3+ 9. bxc3 Qxd1+ 10. Rxd1 N6d7 11. Bb5 Nc6 12. Nf3 f6 13. Bh4 Nxc5 14.
Nd4 Bd7 15. O-O Rc8 16. f3 Ne5 17. Bg3 Bxb5 18. Nxb5 a6 19. Bxe5 axb5 20. Bd4
Na4 21. e4 e5 22. Be3 Nxc3 23. Rd6 Ke7 24. Rb6 Rc7 25. Bd2 Ne2+ 26. Kf2 Nd4 27.
Rc1 Rd7 28. g4 Ra8 29. Bb4+ Kf7 30. a3 Ra6 31. Rxa6 bxa6 32. Rc8 Ne6 33. Rh8
Kg7 34. Ra8 Rc7 35. Rxa6 Rc2+ 36. Ke3 Nf4 37. Bd2 Ra2 38. Ra5 Kf7 39. Rxb5
Rxa3+ 40. Kf2 Ra2 41. Ke1 Ng2+ 42. Kd1 g5 43. Rb7+ Kg6 44. Ke2 Nf4+ 45. Ke1 Nh3
46. Rd7 Ra1+ 47. Ke2 Rh1 48. Bb4 Rxh2+ 49. Kf1 Nf4 50. Be7 Ne6 51. Rd6 Kf7 52.
Bd8 Rh3 53. Kf2 Rh2+ 54. Kf1 Nxd8 55. Rxd8 h5 56. gxh5 Rxh5 57. Kf2 Rh4 58. Ke3
Rh3 59. Kf2 Rh4 60. Ke3 Rf4 61. Rd7+ Ke6 62. Ra7 Kd6 63. Ra5 Kc6 64. Rd5 Rh4
65. Ra5 Kd6 66. Ra7 Ke6 67. Rb7 Rh3 68. Kf2 Rh8 69. Ke3 Rd8 70. Ra7 Rd7 71.
Ra6+ Kf7 72. Rb6 Kg6 73. Ra6 Rf7 74. Rb6 Kh5 75. Ra6 Kh4 76. Rb6 Kg3 77. Ra6
Kh4 78. Rb6 Kh5 79. Ra6 Kg6 80. Rb6 Rh7 81. Ra6 Rh3 82. Kf2 Rh4 83. Ke3 Rf4 84.
Ra7 g4 85. fxg4 Kg5 86. Rg7+ Kh4 87. Rg6 Kg3 88. g5 Rf3+ 89. Ke2 Rf2+ 90. Kd3
f5 91. exf5 Rxf5 92. Ke4 Kg4 93. Rg8 Rxg5 94. Rxg5+ Kxg5 95. Kxe5 1/2-1/2

[Event "SK Turm Emsdetten 2 - SG Porz 2"]
[Site "Oberliga NRW 2013/2014"]
[Date "2014.04.06"]
[Round "8.8"]
[White "Schudro, Vasili"]
[Black "Pauly, Carlo"]
[Result "0-1"]
[WhiteElo "2108"]
[BlackElo "2112"]
[PlyCount "60"]
[EventDate "2014.??.??"]
[WhiteTeam "SK Turm Emsdetten 2"]
[BlackTeam "SG Porz 2"]

1. e4 c5 2. Nf3 d6 3. d4 cxd4 4. Nxd4 Nf6 5. Nc3 a6 6. Bc4 e6 7. Be3 Nbd7 8.
Qe2 Nc5 9. f3 Qc7 10. O-O-O b5 11. Bb3 Be7 12. g4 O-O 13. Kb1 Nfd7 14. h4 Nb6
15. Qh2 b4 16. Nce2 Bd7 17. c3 Nxb3 18. Nxb3 Nc4 19. Bd2 a5 20. cxb4 axb4 21.
g5 Qa7 22. Nec1 Ba4 23. Qg1 Qa6 24. Bxb4 Bxb3 25. axb3 Nxb2 26. Kc2 Rfc8+ 27.
Kd2 Nxd1 28. Kxd1 Rxc1+ 29. Kxc1 Rc8+ 30. Kb2 Qe2+ 0-1

[Event "Klub Kölner SF 1 - SV Erkenschwick 1"]
[Site "Oberliga NRW 2013/2014"]
[Date "2014.04.06"]
[Round "8.2"]
[White "Morawietz, Dieter"]
[Black "Willemze, Thomas"]
[Result "1-0"]
[WhiteElo "2300"]
[BlackElo "2398"]
[PlyCount "63"]
[EventDate "2014.??.??"]
[WhiteTeam "Klub Kölner SF 1"]
[BlackTeam "SV Erkenschwick 1"]

1. e4 d5 2. exd5 Qxd5 3. Nc3 Qa5 4. d4 Nf6 5. Nf3 Bf5 6. Ne5 c6 7. Bf4 e6 8.
Be2 Bb4 9. O-O O-O 10. Nb1 Nd5 11. Bg3 Qd8 12. c4 Nf6 13. Qb3 Qe7 14. c5 Nd5
15. Bf3 Ba5 16. Nc3 Rd8 17. Nc4 Bxc3 18. bxc3 Bd3 19. Bd6 Qe8 20. Qxb7 Nd7 21.
Na5 Bxf1 22. Rxf1 Rdc8 23. c4 Ne7 24. Nxc6 Nxc6 25. Bxc6 Nxc5 26. Qxa8 Qd8 27.
dxc5 Rxa8 28. Bxa8 f5 29. Rb1 Qa5 30. g3 Qxa2 31. Rb8+ Kf7 32. c6 1-0

[Event "Klub Kölner SF 1 - SV Erkenschwick 1"]
[Site "Oberliga NRW 2013/2014"]
[Date "2014.04.06"]
[Round "8.4"]
[White "Zuse, Peter"]
[Black "Van Beek, Alexander"]
[Result "1-0"]
[WhiteElo "2257"]
[BlackElo "2342"]
[PlyCount "67"]
[EventDate "2014.??.??"]
[WhiteTeam "Klub Kölner SF 1"]
[BlackTeam "SV Erkenschwick 1"]

1. e4 e5 2. Nf3 Nc6 3. Bc4 Nf6 4. Ng5 d5 5. exd5 Na5 6. Bb5+ c6 7. dxc6 bxc6 8.
Bd3 Nd5 9. Nf3 Bd6 10. O-O O-O 11. Re1 Nf4 12. Bf1 c5 13. d3 Nc6 14. Nbd2 Bg4
15. h3 Bh5 16. g3 Ne6 17. g4 Bg6 18. Nc4 f5 19. Ncxe5 Nxe5 20. Nxe5 Be8 21. Bg2
fxg4 22. Nxg4 Nf4 23. Bxf4 Bxf4 24. Qe2 Rb8 25. Qe4 Rxb2 26. Qd5+ Bf7 27. Qxd8
Rxd8 28. Re7 Rxa2 29. Rxa2 Bxa2 30. Rxa7 Bb1 31. Ra5 Bd6 32. Bd5+ Kf8 33. Bb3
Bf4 34. Ra1 1-0

[Event "Klub Kölner SF 1 - SV Erkenschwick 1"]
[Site "Oberliga NRW 2013/2014"]
[Date "2014.04.06"]
[Round "8.5"]
[White "Erwich, Frank"]
[Black "Bonnmann, Reinhard"]
[Result "1-0"]
[WhiteElo "2290"]
[BlackElo "2189"]
[PlyCount "79"]
[EventDate "2014.??.??"]
[WhiteTeam "SV Erkenschwick 1"]
[BlackTeam "Klub Kölner SF 1"]

1. e4 c5 2. Nf3 Nc6 3. Bb5 g6 4. Bxc6 dxc6 5. h3 Bg7 6. d3 Nf6 7. Nc3 O-O 8.
Be3 b6 9. Qd2 e5 10. Bh6 Qd6 11. g4 a5 12. Ne2 c4 13. Bxg7 Kxg7 14. g5 Nd7 15.
d4 exd4 16. Nexd4 Qb4 17. O-O-O c3 18. Qxc3 Qxc3 19. bxc3 Nc5 20. Rde1 Na4 21.
Re3 b5 22. Ne5 Bb7 23. h4 b4 24. c4 Rfe8 25. f4 Rad8 26. Ne2 c5 27. h5 gxh5 28.
Ng3 Nc3 29. Nxh5+ Kf8 30. Nf6 Rxe5 31. fxe5 Rd4 32. Rxc3 bxc3 33. Rxh7 Ke7 34.
g6 Bxe4 35. Rxf7+ Ke6 36. Ng4 Bc6 37. Rf6+ Ke7 38. Ne3 Be4 39. g7 Bh7 40. Nf5+
1-0

[Event "Klub Kölner SF 1 - SV Erkenschwick 1"]
[Site "Oberliga NRW 2013/2014"]
[Date "2014.04.06"]
[Round "8.6"]
[White "Wisskirchen, Andreas"]
[Black "Homs, Guust"]
[Result "1/2-1/2"]
[WhiteElo "2187"]
[BlackElo "2174"]
[PlyCount "56"]
[EventDate "2014.??.??"]
[WhiteTeam "Klub Kölner SF 1"]
[BlackTeam "SV Erkenschwick 1"]

1. d4 d5 2. c4 e6 3. Nc3 Nf6 4. Bg5 Be7 5. Nf3 Nbd7 6. e3 O-O 7. Rc1 a6 8. cxd5
exd5 9. Bd3 b6 10. O-O Bb7 11. Qc2 c5 12. Rfd1 c4 13. Bf5 g6 14. Bh3 b5 15. Ne5
b4 16. Nxd7 Nxd7 17. Bxe7 Qxe7 18. Bxd7 bxc3 19. Ba4 cxb2 20. Qxb2 Rab8 21. Qc3
Bc8 22. Bc2 Be6 23. Rb1 Qc7 24. f3 Rb5 25. a4 Rxb1 26. Rxb1 Rb8 27. Rxb8+ Qxb8
28. a5 h5 1/2-1/2

[Event "Klub Kölner SF 1 - SV Erkenschwick 1"]
[Site "Oberliga NRW 2013/2014"]
[Date "2014.04.06"]
[Round "8.7"]
[White "Krings, Christoph"]
[Black "Meertens, Martin"]
[Result "0-1"]
[WhiteElo "2105"]
[BlackElo "2133"]
[PlyCount "92"]
[EventDate "2014.??.??"]
[WhiteTeam "SV Erkenschwick 1"]
[BlackTeam "Klub Kölner SF 1"]

1. d4 Nf6 2. Nf3 e6 3. g3 c5 4. Bg2 cxd4 5. O-O a6 6. Nxd4 Qc7 7. e4 Nc6 8.
Nxc6 bxc6 9. c4 Bc5 10. Nc3 e5 11. Bg5 d6 12. Qd2 Be6 13. b3 Nd7 14. Be3 Bxe3
15. Qxe3 O-O 16. Rfd1 Rfd8 17. Rd2 Nc5 18. f4 f6 19. Rad1 a5 20. f5 Bf7 21. Bf1
Rab8 22. Rb1 Rb4 23. g4 h6 24. h4 a4 25. g5 hxg5 26. hxg5 Kf8 27. Rg2 Ke7 28.
Rbb2 axb3 29. axb3 Rxb3 30. Rxb3 Nxb3 31. gxf6+ gxf6 32. Rg7 Qb8 33. Kf2 Nc5
34. Be2 Rg8 35. Rh7 Qb2 36. Nd1 Qd4 37. Rh4 Ra8 38. Ke1 Ra1 39. Qxd4 exd4 40.
Kd2 Ra2+ 41. Ke1 d3 42. Bf3 Nd7 43. Ne3 Ne5 44. Bd1 Bxc4 45. Rh7+ Kf8 46. Nxc4
Nxc4 0-1

[Event "Klub Kölner SF 1 - SV Erkenschwick 1"]
[Site "Oberliga NRW 2013/2014"]
[Date "2014.04.06"]
[Round "8.8"]
[White "Ludwig, Peter"]
[Black "Eggenstein, Frank"]
[Result "1-0"]
[WhiteElo "2165"]
[BlackElo "1921"]
[PlyCount "97"]
[EventDate "2014.??.??"]
[WhiteTeam "Klub Kölner SF 1"]
[BlackTeam "SV Erkenschwick 1"]

1. Nf3 Nf6 2. c4 g6 3. Nc3 Bg7 4. g3 d6 5. Bg2 e5 6. O-O O-O 7. Rb1 Nc6 8. b4
h6 9. d3 Ne7 10. e4 Nd7 11. d4 exd4 12. Nxd4 Ne5 13. c5 N5c6 14. cxd6 Nxd4 15.
dxe7 Qxe7 16. Nd5 Qd8 17. Be3 Ne6 18. b5 c6 19. bxc6 bxc6 20. Nb4 Bb7 21. Qa4
c5 22. Rfd1 Nd4 23. Nc2 Bc6 24. Qc4 Rc8 25. Nxd4 cxd4 26. Qa6 Qd7 27. f4 Rfd8
28. Bf2 Ba4 29. Rd2 Bc2 30. Rb7 Qe8 31. e5 d3 32. Be4 Bf8 33. Bxa7 Ra8 34. Qb6
Ba3 35. Rc7 Qf8 36. Bxg6 Bc1 37. Rf2 Ba4 38. Bxf7+ Qxf7 39. Rxf7 Kxf7 40. Qf6+
Kg8 41. Qg6+ Kh8 42. Qxh6+ Kg8 43. Qg6+ Kh8 44. Bc5 Be8 45. Qf6+ Kg8 46. Bf8
Rd7 47. e6 Rh7 48. Bb4 Be3 49. Qf8# 1-0

[Event "SG Solingen 2 - SV Wattenscheid 2"]
[Site "Oberliga NRW 2013/2014"]
[Date "2014.04.06"]
[Round "8.1"]
[White "Hopman, Pieter"]
[Black "Krieg, Nikolaj"]
[Result "1-0"]
[WhiteElo "2372"]
[BlackElo "2342"]
[PlyCount "87"]
[EventDate "2014.??.??"]
[WhiteTeam "SV Wattenscheid 2"]
[BlackTeam "SG Solingen 2"]

1. d4 Nf6 2. c4 c6 3. Nf3 d5 4. e3 e6 5. Bd3 Be7 6. O-O O-O 7. Nc3 dxc4 8. Bxc4
b5 9. Bd3 a6 10. e4 b4 11. Na4 Qc7 12. h3 Rd8 13. Qc2 h6 14. Be3 Nbd7 15. Rac1
Bb7 16. Nd2 Rac8 17. Nb3 e5 18. dxe5 Qxe5 19. f4 Qb8 20. Na5 Re8 21. Rf3 Bf8
22. Bf2 c5 23. Nxb7 Qxb7 24. e5 c4 25. Bf5 Nd5 26. Rd1 Qb5 27. b3 Rc7 28. Bxd7
Qxd7 29. bxc4 Qc6 30. Qb3 Ne7 31. c5 a5 32. f5 Nc8 33. Re1 Rce7 34. Rfe3 Kh8
35. Re4 Na7 36. Nb6 Rb7 37. Qe3 Nb5 38. Nc4 Ra7 39. Nd6 Rea8 40. Rh4 Kg8 41.
Qg3 Nc3 42. f6 g5 43. Nf5 Kh7 44. Qxg5 1-0

[Event "SG Solingen 2 - SV Wattenscheid 2"]
[Site "Oberliga NRW 2013/2014"]
[Date "2014.04.06"]
[Round "8.2"]
[White "Michalczak, Thomas"]
[Black "Kerigan, Demre"]
[Result "1/2-1/2"]
[WhiteElo "2316"]
[BlackElo "2261"]
[PlyCount "122"]
[EventDate "2014.??.??"]
[WhiteTeam "SG Solingen 2"]
[BlackTeam "SV Wattenscheid 2"]

1. e4 d6 2. d4 g6 3. Nc3 Bg7 4. Nf3 Nf6 5. h3 O-O 6. Bd3 Nc6 7. O-O e5 8. dxe5
dxe5 9. Be3 Re8 10. Bc4 Be6 11. Bxe6 Rxe6 12. Qxd8+ Rxd8 13. Bg5 Rd7 14. Bxf6
Bxf6 15. Nd5 Bg7 16. Rfd1 Red6 17. Nd2 Kf8 18. Nc4 Re6 19. Kf1 Re8 20. c3 Nd8
21. Ke2 Ne6 22. h4 Red8 23. g3 c6 24. Nb4 Nc5 25. f3 Ke7 26. Na5 Ke6 27. Rxd7
Rxd7 28. Rd1 Rxd1 29. Kxd1 f5 30. Nb3 Nd7 31. Nd3 b6 32. Nd2 Nf6 33. Ke2 Bh6
34. exf5+ gxf5 35. Nc4 e4 36. fxe4 fxe4 37. Nf2 Kd5 38. Ne3+ Bxe3 39. Kxe3 Ke5
40. c4 h5 41. b4 b5 42. cxb5 cxb5 43. a3 a6 44. Nh3 Nd5+ 45. Ke2 Kf5 46. Ng5
Ke5 47. Nh3 Nc3+ 48. Ke3 Nb1 49. Nf4 Nxa3 50. Nxh5 Nc2+ 51. Kd2 Nxb4 52. g4 Nd5
53. g5 a5 54. g6 Ne7 55. g7 a4 56. Ng3 Kf4 57. Ne2+ Kg4 58. Nd4 a3 59. Kc2 e3
60. Kb3 b4 61. Nc6 Ng8 1/2-1/2

[Event "SG Solingen 2 - SV Wattenscheid 2"]
[Site "Oberliga NRW 2013/2014"]
[Date "2014.04.06"]
[Round "8.3"]
[White "Franke, Johannes"]
[Black "Berg, Michael"]
[Result "1-0"]
[WhiteElo "2291"]
[BlackElo "2263"]
[PlyCount "61"]
[EventDate "2014.??.??"]
[WhiteTeam "SV Wattenscheid 2"]
[BlackTeam "SG Solingen 2"]

1. e4 c5 2. Nc3 Nc6 3. Bb5 Nd4 4. Bc4 a6 5. Nge2 Nxe2 6. Qxe2 b5 7. Bxf7+ Kxf7
8. Qh5+ g6 9. Qd5+ e6 10. Qxa8 Qc7 11. d3 Ne7 12. a4 b4 13. Nb5 axb5 14. axb5
Bg7 15. Qa5 Qd6 16. Qa7 Bd4 17. Be3 b3 18. O-O-O bxc2 19. Kxc2 Kg7 20. b4 Bxe3
21. fxe3 cxb4 22. Rhf1 Rf8 23. Rxf8 Kxf8 24. Qd4 Qxd4 25. exd4 Bb7 26. Ra1 Nc8
27. Kb3 Ke7 28. Kxb4 Kd6 29. Rc1 Ne7 30. Rc5 Ng8 31. Ka5 1-0

[Event "SG Solingen 2 - SV Wattenscheid 2"]
[Site "Oberliga NRW 2013/2014"]
[Date "2014.04.06"]
[Round "8.4"]
[White "Gupta, Milon"]
[Black "Hirsch, Stefan"]
[Result "1/2-1/2"]
[WhiteElo "2236"]
[BlackElo "2210"]
[PlyCount "67"]
[EventDate "2014.??.??"]
[WhiteTeam "SG Solingen 2"]
[BlackTeam "SV Wattenscheid 2"]

1. Nf3 Nf6 2. c4 g6 3. Nc3 d6 4. d4 Bg7 5. e4 O-O 6. Be2 c5 7. O-O Na6 8. d5 e6
9. Bf4 e5 10. Bg5 h6 11. Bd2 Nc7 12. Ne1 a6 13. a4 Nd7 14. Nd3 f5 15. exf5 gxf5
16. f4 e4 17. Nf2 Bd4 18. Qc1 Qe7 19. Be3 Nf6 20. Rd1 Bxe3 21. Qxe3 Kh7 22. Kh1
Bd7 23. a5 Rg8 24. Rab1 Rad8 25. b4 cxb4 26. Rxb4 Bc8 27. Rg1 Nce8 28. Ncd1 Qc7
29. Qb6 Qxb6 30. Rxb6 Nd7 31. Rb2 Nef6 32. Ne3 Nc5 33. g3 Rg7 34. Bf1 1/2-1/2

[Event "SG Solingen 2 - SV Wattenscheid 2"]
[Site "Oberliga NRW 2013/2014"]
[Date "2014.04.06"]
[Round "8.5"]
[White "De Ruiter, Danny"]
[Black "Lemanczyk, Thomas"]
[Result "1/2-1/2"]
[WhiteElo "2264"]
[BlackElo "2156"]
[PlyCount "34"]
[EventDate "2014.??.??"]
[WhiteTeam "SV Wattenscheid 2"]
[BlackTeam "SG Solingen 2"]

1. d4 Nf6 2. c4 e6 3. g3 d5 4. Bg2 Bb4+ 5. Bd2 Be7 6. Nf3 c6 7. O-O Nbd7 8. Qc2
b6 9. Bf4 O-O 10. Nbd2 Ba6 11. Rfd1 Nh5 12. Be3 Bb7 13. Ne5 Bd6 14. cxd5 cxd5
15. Nd3 Qe7 16. Nf3 Rfc8 17. Qd2 Nhf6 1/2-1/2

[Event "SG Solingen 2 - SV Wattenscheid 2"]
[Site "Oberliga NRW 2013/2014"]
[Date "2014.04.06"]
[Round "8.6"]
[White "Schlecht, Daniel"]
[Black "De Weerd, Warner"]
[Result "1/2-1/2"]
[WhiteElo "2290"]
[BlackElo "2162"]
[Annotator "Doe,John"]
[PlyCount "74"]
[EventDate "2014.??.??"]
[WhiteTeam "SG Solingen 2"]
[BlackTeam "SV Wattenscheid 2"]

1. d4 d6 2. Nf3 Bg4 3. c4 Nd7 4. Qb3 Rb8 5. Nc3 Ngf6 6. g3 e6 7. Bg2 Be7 8. O-O
O-O 9. e4 a6 10. d5 c6 11. Be3 exd5 12. cxd5 c5 13. h3 Bxf3 14. Bxf3 b5 15. Qc2
Nb6 16. Rad1 Nfd7 17. b3 Bf6 18. Rfe1 Qe7 19. Bc1 Rfc8 20. Bg4 b4 21. Ne2 Ne5
22. Nf4 Nxg4 23. hxg4 c4 24. Nh5 Bc3 25. Re2 cxb3 26. axb3 Qd7 27. g5 Qg4 28.
Nf4 Nd7 29. Rf1 $11 Ne5 30. Qd1 Nf3+ 31. Kg2 Be5 32. Ra2 Rc3 33. Be3 Bxf4 34.
Bxf4 Nh4+ 35. Kh2 Nf3+ 36. Kg2 Nh4+ 37. Kh2 Nf3+ 1/2-1/2

[Event "SG Solingen 2 - SV Wattenscheid 2"]
[Site "Oberliga NRW 2013/2014"]
[Date "2014.04.06"]
[Round "8.7"]
[White "Schroeder, Wilfried"]
[Black "Hannewald, Anton"]
[Result "1/2-1/2"]
[WhiteElo "2107"]
[BlackElo "1947"]
[PlyCount "115"]
[EventDate "2014.??.??"]
[WhiteTeam "SV Wattenscheid 2"]
[BlackTeam "SG Solingen 2"]

1. d4 Nf6 2. Nf3 g6 3. g3 Bg7 4. Bg2 O-O 5. O-O d5 6. Ne5 Ng4 7. Nxg4 Bxg4 8.
c4 c6 9. cxd5 cxd5 10. Nc3 Nc6 11. h3 Bd7 12. e3 e6 13. b3 a6 14. Bb2 Qc7 15.
Rc1 Rfd8 16. Qd2 Qd6 17. Rfd1 b6 18. e4 Nxd4 19. Nxd5 exd5 20. Bxd4 dxe4 21.
Bxg7 Qxd2 22. Rxd2 Kxg7 23. Bxe4 Bxh3 24. Rdc2 Ra7 25. Rc6 b5 26. Rb6 Rd2 27.
Rc2 Rxc2 28. Bxc2 Rc7 29. Be4 Bc8 30. Bd5 Rc5 31. Be4 Re5 32. f3 Rc5 33. Kf2
Kf8 34. Ke3 Ke7 35. Bb7 Bxb7 36. Rxb7+ Ke6 37. Rb6+ Ke5 38. Rxa6 Rc3+ 39. Ke2
f5 40. Rb6 Kd4 41. Rd6+ Kc5 42. Rd7 Rc2+ 43. Ke3 Rxa2 44. Rxh7 Kb4 45. Rg7 Kxb3
46. Rxg6 b4 47. g4 fxg4 48. fxg4 Ra5 49. Rb6 Ka3 50. Kf4 b3 51. g5 Ka2 52. g6
Ra8 53. Kg5 b2 54. g7 b1=Q 55. Rxb1 Kxb1 56. Kf6 Rg8 57. Kf7 Rxg7+ 58. Kxg7
1/2-1/2

[Event "SG Solingen 2 - SV Wattenscheid 2"]
[Site "Oberliga NRW 2013/2014"]
[Date "2014.04.06"]
[Round "8.8"]
[White "Bashylin, Seva"]
[Black "Henrichs, Wenke"]
[Result "1/2-1/2"]
[WhiteElo "1842"]
[BlackElo "2026"]
[PlyCount "57"]
[EventDate "2014.??.??"]
[WhiteTeam "SG Solingen 2"]
[BlackTeam "SV Wattenscheid 2"]

1. d4 e6 2. Nf3 f5 3. Bg5 Nf6 4. h3 d5 5. e3 Bd6 6. Nc3 c6 7. Bd3 b6 8. Qe2 a5
9. Ne5 O-O 10. g4 c5 11. Qf3 cxd4 12. exd4 Nbd7 13. Nxd7 Qxd7 14. gxf5 Bb4 15.
O-O-O Bxc3 16. bxc3 exf5 17. Bxf6 Rxf6 18. Rde1 Bb7 19. Re5 Raf8 20. Qe2 Bc6
21. Rg1 Qd6 22. Rg5 g6 23. f4 Kg7 24. Qg2 b5 25. h4 Qa3+ 26. Kd2 b4 27. cxb4
Qxb4+ 28. Ke3 Qe1+ 29. Kf3 1/2-1/2

[Event "SV Dinslaken 1 - SV Castrop-Rauxel 1"]
[Site "Oberliga NRW 2013/2014"]
[Date "2014.04.06"]
[Round "8.1"]
[White "Van Eijk, Sander"]
[Black "Trella, Thomas"]
[Result "0-1"]
[WhiteElo "2364"]
[BlackElo "2375"]
[Annotator "Doe,John"]
[PlyCount "126"]
[EventDate "2014.??.??"]
[WhiteTeam "SV Castrop-Rauxel 1"]
[BlackTeam "SV Dinslaken 1"]

1. e4 e6 2. d4 d5 3. Nd2 c5 4. Ngf3 Nc6 5. exd5 exd5 6. Bb5 Qe7+ 7. Be2 Qc7 8.
O-O Nf6 9. Re1 cxd4 10. Nb3 Be7 11. Nbxd4 O-O 12. Nb5 Qb6 13. Be3 Bc5 14. Bxc5
Qxc5 15. Nbd4 Bg4 16. c3 Rfe8 17. Qd3 Bxf3 18. Bxf3 Nxd4 19. Qxd4 Qxd4 20. cxd4
Rxe1+ 21. Rxe1 Rc8 22. g3 Kf8 23. b3 Rc2 24. Re2 Rxe2 25. Bxe2 Ne4 26. Bd3 Ng5
27. Be2 $11 Ke7 28. Bg4 g6 29. h4 Ne4 30. a4 a5 31. Bd1 Nc3 32. Bf3 Kd6 33. Kf1
b5 34. Ke1 bxa4 35. bxa4 Nxa4 36. Kd2 Nb6 37. Kc3 Nc4 38. Bd1 Ke6 39. Bg4+ Kd6
40. Bd1 h6 41. Bg4 Kc6 42. Bd1 Kd7 43. Bf3 Ke6 44. Bg4+ f5 45. Be2 Nd6 46. f3
Nc4 47. Bd3 Ne3 48. Kb3 f4 49. g4 Ng2 50. h5 gxh5 51. gxh5 Ne1 52. Be2 Kf6 53.
Ka4 Nc2 54. Kxa5 Nxd4 55. Bd1 Kg5 56. Kb4 Kxh5 57. Kc5 Nf5 58. Kxd5 Ne3+ 59.
Ke4 Nxd1 60. Kxf4 Kg6 61. Ke4 Nc3+ 62. Ke5 Ne2 63. Ke4 Kg5 0-1

[Event "SV Dinslaken 1 - SV Castrop-Rauxel 1"]
[Site "Oberliga NRW 2013/2014"]
[Date "2014.04.06"]
[Round "8.2"]
[White "Sielecki, Christof"]
[Black "Kartsev, Alexandr"]
[Result "1-0"]
[WhiteElo "2385"]
[BlackElo "2189"]
[PlyCount "45"]
[EventDate "2014.??.??"]
[WhiteTeam "SV Dinslaken 1"]
[BlackTeam "SV Castrop-Rauxel 1"]

1. Nf3 d5 2. d4 Nf6 3. c4 c6 4. Qc2 e6 5. Bg5 Nbd7 6. e3 Qa5+ 7. Nbd2 Ne4 8.
Bh4 Bb4 9. a3 f5 10. Rd1 Bd6 11. Be2 O-O 12. O-O Ndf6 13. c5 Bb8 14. b4 Qc7 15.
Nxe4 Nxe4 16. Ne5 g5 17. f3 gxh4 18. fxe4 Qg7 19. Qc3 h3 20. g3 Bxe5 21. dxe5
Bd7 22. Rf4 fxe4 23. Rg4 1-0

[Event "SV Dinslaken 1 - SV Castrop-Rauxel 1"]
[Site "Oberliga NRW 2013/2014"]
[Date "2014.04.06"]
[Round "8.3"]
[White "Sokalsky, Alexander"]
[Black "Kern, Guido"]
[Result "0-1"]
[WhiteElo "2221"]
[BlackElo "2253"]
[PlyCount "92"]
[EventDate "2014.??.??"]
[WhiteTeam "SV Castrop-Rauxel 1"]
[BlackTeam "SV Dinslaken 1"]

1. Nf3 c5 2. c4 g6 3. g3 Bg7 4. Bg2 Nc6 5. O-O d6 6. Nc3 e6 7. d3 Nge7 8. Bd2
b6 9. e4 Bb7 10. Rb1 O-O 11. a3 Qd7 12. Qc1 Nd4 13. Nxd4 cxd4 14. Ne2 Rac8 15.
Bh6 e5 16. Bxg7 Kxg7 17. Qd2 f5 18. f3 h6 19. b3 Kh7 20. h3 Rf7 21. g4 Rcf8 22.
Ng3 Qe6 23. a4 Qf6 24. Nh1 Qh4 25. Qe1 Qg5 26. Qc1 Qe3+ 27. Nf2 fxe4 28. Qxe3
dxe3 29. Nxe4 Rd8 30. Nc3 d5 31. cxd5 Nxd5 32. Nxd5 Rxd5 33. f4 exf4 34. Bxd5
Bxd5 35. Rfe1 Re7 36. Kh2 f3 37. Kg3 f2 38. Re2 Bxb3 39. h4 g5 40. hxg5 hxg5
41. Rf1 Kg6 42. Kf3 Bd5+ 43. Kg3 Bc6 44. Rc1 Bb7 45. Rec2 Rf7 46. Rf1 Ba6 0-1

[Event "SV Dinslaken 1 - SV Castrop-Rauxel 1"]
[Site "Oberliga NRW 2013/2014"]
[Date "2014.04.06"]
[Round "8.4"]
[White "Mundorf, Johannes"]
[Black "Kartsev, Soel"]
[Result "1-0"]
[WhiteElo "2208"]
[BlackElo "2220"]
[PlyCount "73"]
[EventDate "2014.??.??"]
[WhiteTeam "SV Dinslaken 1"]
[BlackTeam "SV Castrop-Rauxel 1"]

1. Nf3 g6 2. c4 Bg7 3. Nc3 d6 4. d4 f5 5. g3 Nf6 6. Bg2 O-O 7. O-O c6 8. d5
cxd5 9. cxd5 Na6 10. Be3 h6 11. Rc1 g5 12. Bd4 Nc5 13. b4 Na6 14. a3 Bd7 15.
Qd3 Nc7 16. Nd2 f4 17. e3 Qe8 18. exf4 gxf4 19. Nf3 Qh5 20. Nh4 Nce8 21. Ng6
Ng4 22. h3 fxg3 23. Nxf8 gxf2+ 24. Bxf2 Ne5 25. Qg3 Kxf8 26. Ne4 Nf6 27. Nxf6
Bxf6 28. Bd4 Kf7 29. Bxe5 dxe5 30. Qf3 Qh4 31. Rc7 Bb5 32. Rf2 Rg8 33. d6 Rg6
34. Qd5+ Kg7 35. Qxb5 Qd4 36. dxe7 Qd1+ 37. Qf1 1-0

[Event "SV Dinslaken 1 - SV Castrop-Rauxel 1"]
[Site "Oberliga NRW 2013/2014"]
[Date "2014.04.06"]
[Round "8.5"]
[White "Kusnetsov, Mark"]
[Black "Neuer, Thomas"]
[Result "1/2-1/2"]
[WhiteElo "2175"]
[BlackElo "2062"]
[PlyCount "65"]
[EventDate "2014.??.??"]
[WhiteTeam "SV Castrop-Rauxel 1"]
[BlackTeam "SV Dinslaken 1"]

1. e4 e6 2. Nc3 d5 3. d4 Nc6 4. Nf3 Nf6 5. Bg5 Bb4 6. Bxf6 Qxf6 7. e5 Qe7 8. a3
Bxc3+ 9. bxc3 Na5 10. Qb1 b6 11. Be2 Bb7 12. O-O O-O 13. Qc1 c5 14. Qf4 f5 15.
h4 Rac8 16. Bd3 Bc6 17. Qg5 Qxg5 18. Nxg5 Bd7 19. f4 cxd4 20. cxd4 h6 21. Nf3
Ba4 22. Rf2 Rc3 23. Raf1 Rfc8 24. Ne1 h5 25. Rf3 Kf7 26. Ba6 Rxf3 27. Rxf3 Rc6
28. Bd3 Rc3 29. Be2 Rc7 30. Rg3 g6 31. c3 Be8 32. Nf3 Ke7 33. Nd2 1/2-1/2

[Event "SV Dinslaken 1 - SV Castrop-Rauxel 1"]
[Site "Oberliga NRW 2013/2014"]
[Date "2014.04.06"]
[Round "8.6"]
[White "Cebulla, Konstantin"]
[Black "Boehnke, Martin"]
[Result "1/2-1/2"]
[WhiteElo "2031"]
[BlackElo "2106"]
[PlyCount "81"]
[EventDate "2014.??.??"]
[WhiteTeam "SV Dinslaken 1"]
[BlackTeam "SV Castrop-Rauxel 1"]

1. d4 d5 2. Nf3 Nf6 3. c4 c6 4. e3 Bf5 5. cxd5 cxd5 6. Qb3 Qc7 7. Bd2 Nc6 8.
Bb5 e6 9. O-O Bd6 10. Bb4 O-O 11. Bxc6 bxc6 12. Rc1 Rab8 13. Bxd6 Qxd6 14. Qa3
Qxa3 15. bxa3 Nd7 16. Nbd2 Rfc8 17. Nb3 Rb6 18. Rc3 Ra6 19. Nc5 Nxc5 20. dxc5
f6 21. Nd4 Kf7 22. Nxf5 exf5 23. Rb1 Rc7 24. Kf1 Re7 25. Rb4 Re4 26. f3 Re7 27.
Ke2 Ke6 28. Kd3 g5 29. a4 h5 30. Kc2 Ke5 31. f4+ Ke6 32. Kb3 Kf7 33. Ka3 Ra5
34. Rb8 Re4 35. Rb4 Re7 36. g3 Kg6 37. Kb3 Ra6 38. Rd4 Rb7+ 39. Rb4 Re7 40. h3
Ra5 41. Ka3 1/2-1/2

[Event "SV Dinslaken 1 - SV Castrop-Rauxel 1"]
[Site "Oberliga NRW 2013/2014"]
[Date "2014.04.06"]
[Round "8.8"]
[White "Stillger, Bernhard"]
[Black "Mueller, Frank"]
[Result "1-0"]
[WhiteElo "2195"]
[BlackElo "1978"]
[PlyCount "75"]
[EventDate "2014.??.??"]
[WhiteTeam "SV Dinslaken 1"]
[BlackTeam "SV Castrop-Rauxel 1"]

1. d4 Nf6 2. Nf3 g6 3. Bg5 Bg7 4. Nbd2 O-O 5. c3 d6 6. e4 Nbd7 7. Be2 e5 8.
dxe5 dxe5 9. O-O h6 10. Bh4 Qe8 11. Qc2 b6 12. Rfe1 Bb7 13. a4 a5 14. Bb5 Qe6
15. Nf1 Nc5 16. N3d2 Rfd8 17. b4 axb4 18. cxb4 Na6 19. Rab1 c6 20. Bc4 Qd7 21.
f3 b5 22. Be2 bxa4 23. Nc4 Qc7 24. Rec1 c5 25. bxc5 Qxc5+ 26. Bf2 Qe7 27. Nb6
Nb4 28. Qb2 Bf8 29. Nxa8 Rxa8 30. Bc5 Qxc5+ 31. Rxc5 Bxc5+ 32. Kh1 a3 33. Qxe5
a2 34. Ra1 Nd7 35. Qc7 Bc6 36. Bc4 Bd4 37. Rxa2 Nxa2 38. Qxc6 1-0